000 00395nam a2200133 i 4500
001 183775
003 ES-MaACL
005 20230906221951.0
008 141014s1880 sp |||| | spa d
245 0 1 _a[Dictamen sobre Resguardos de Subasta].
260 _a[Madrid :
_bs.n.,
_c1880 (
_fImp. Moya y Plaza])
300 _a11 p. ;
_c25 cm.
852 _aES-MaACL
_jT-386-F-1
_q.- Ejemplar sin portada
999 _c183775
_d183775